| 000 | 00511nam a2200217Ia 4500 | ||
|---|---|---|---|
| 003 | 0100 | ||
| 008 | 130303s9999 xx 000 0 und d | ||
| 020 | _a0791420949 | ||
| 040 | _cARRUPELIB | ||
| 050 | _aB2798.H6313 1994 | ||
| 100 | _aHoffe, Otfried | ||
| 245 | _aImmanuel Kant | ||
| 260 | _aAbany | ||
| 260 | _bState University of New York Press | ||
| 260 | _C1994 | ||
| 300 | _avi | ||
| 300 | _b 290p. 22cm. | ||
| 650 | _bPhilosophy, Black | ||
| 700 | _aFarrier, Marshall (tr.) | ||
| 942 | 0 | 0 | _05 |
| 999 |
_c18702 _d18702 |
||